Simulation of the Butyl Acetate Synthesis via Catalytic Distillation

Bibliographic Details
Main Authors: Hanika, J. (Author), Kolena, Jaroslav, 1933- (Author), Smejkal, Q. (Author)
Format: Article
Language:English

MARC

LEADER 00000nab a2200000uu 4500
001 vtls010879734
003 SK-MaSNL
005 20260303163507.0
008 230303|2000 xo |||||||||||||||||eng|
015 |a SNBRB 
035 |a (urnnbn)urn:nbn:sk:snk:ar-005wb6 
035 |a (uuid)0bdc5243-9d47-402a-ac28-7ac170987974 
035 |a urn:nbn:sk:snk-ab7nmi 
040 |a SNKBUCL  |b slo  |c SNKBUCL  |e AACR2 
041 0 |a eng 
044 |a xo  |c SK 
100 1 |a Hanika, J.  |4 aut  |9 806718 
245 1 0 |a Simulation of the Butyl Acetate Synthesis via Catalytic Distillation  |c J. Hanika, J. Kolena, Q. Smejkal 
700 1 |a Kolena, Jaroslav,  |d 1933-  |4 aut  |9 202792 
700 1 |a Smejkal, Q.  |4 aut  |9 806719 
773 0 |t Chemical papers  |g Roč. 54, č. 3 (2000), s. 165-170 
958 |a OND 
958 |a EUIPO 
958 |a article8 
999 |c 2060013  |d 2061943